SAP Business One vo vyučovacom procese

SAP Business One ako dostupné riešenie pre segment malých a stredných podnikov. Základné charakteristiky SAP Business One.

Salvato in:
Dettagli Bibliografici
Autore principale: Prokop, Igor
Natura: Capitolo di libro
Lingua:slovacco
Soggetti:
Tags: Aggiungi Tag
Nessun Tag, puoi essere il primo ad aggiungerne!!

MARC

LEADER 00000naa$a2200000$$$4500
001 0075613
005 20231102124354.8
041 0 |a slo 
044 |a SK 
245 1 0 |a SAP Business One vo vyučovacom procese  |c Igor Prokop 
520 |a SAP Business One ako dostupné riešenie pre segment malých a stredných podnikov. Základné charakteristiky SAP Business One. 
610 2 0 |a školy vysoké 
610 2 0 |a podnik malý 
610 2 0 |a podnik stredný 
610 2 0 |a vyučovanie 
610 2 0 |a systémy informačné 
610 2 0 |a programy počítačové 
100 1 |a Prokop, Igor